| 000 | 00785nam a22002657a 4500 | ||
|---|---|---|---|
| 001 | BR8004480 | ||
| 003 | BR-BrBNA | ||
| 005 | 20230928090655.0 | ||
| 007 | ta | ||
| 008 | 230509b bl.||||| |||| 00| 0 por d | ||
| 040 |
_aBR-BrBNA _bpor _cBiblioteca Nacional de Agricultura |
||
| 041 | _a(Por) | ||
| 072 |
_aN20; P05 _b4500 |
||
| 090 | _ 4500 BR8004480 | ||
| 100 | 1 | _aMialhe, L.G. | |
| 245 | 1 | _aMaquinas motoras na agricultura [Equipamento rural; Recurso energetico; Maquina agricola; Trator; Motor; Energia; Combustivel] | |
| 260 | 3 |
_aSao Paulo, SP (Brasil): _bEd. Pedagogica e Universitaria, _c1980. |
|
| 300 | _av. 1-2 | ||
| 650 | _aMAQUINA AGRICOLA | ||
| 650 | _aTRATOR | ||
| 650 | _aMOTOR | ||
| 650 | _aENERGIA | ||
| 909 |
_a202309 _bLucia _c55 _dLucia Elande |
||
| 942 | _cBK | ||
| 999 |
_c29951 _d29951 |
||